[Event "XXII Weekend C"]
[Site "Ceriano Laghetto ITA"]
[Date "2013.03.02"]
[Round "2"]
[White "Madaschi, Sergio"]
[Black "Aldeghi, Damiano"]
[WhiteElo "1500"]
[BlackElo "1458"]
[Result "1-0"]
[PlyCount "88"]
[EventDate "2013.03.01"]

1. d4 d5 2. c4 Nf6 3. Nf3 e6 4. a3 h6 5. Nc3 b6 6. e3 Bb7 7. Bd3 c5 8. O-O Be7
9. dxc5 Bxc5 10. Qe2 O-O 11. Rd1 Qc7 12. b4 Be7 13. Bb2 Nbd7 14. Rac1 dxc4 15.
Bxc4 Bxf3 16. gxf3 Rac8 17. Ba6 Rcd8 18. Ne4 Qb8 19. Ng3 h5 20. Bb5 Ne5 21. f4
Neg4 22. Nxh5 Nxh5 23. Qxg4 Nf6 24. Qg2 Rxd1+ 25. Rxd1 Qc7 26. Rc1 Qd6 27. Bd4
g6 28. Be2 Rd8 29. Qc6 Qxc6 30. Rxc6 Rd7 31. Bf3 Kh7 32. Kg2 Nd5 33. Bxd5 exd5
34. Kf3 Kh6 35. Kg4 Kh7 36. f5 gxf5+ 37. Kxf5 Kg8 38. Rh6 f6 39. Bxf6 Bf8 40.
Rg6+ Kh7 41. Rg4 b5 42. Rh4+ Kg8 43. Kg6 Rg7+ 44. Bxg7 Bxg7 1-0

[Event "XXII Weekend C"]
[Site "Ceriano Laghetto ITA"]
[Date "2013.03.02"]
[Round "2"]
[White "Marcantognini, Denis"]
[Black "Lamera, Giuseppe"]
[WhiteElo "1443"]
[BlackElo "1479"]
[Result "0-1"]
[PlyCount "70"]
[EventDate "2013.03.01"]

1. d4 d6 2. e4 Nf6 3. Nc3 c6 4. Bg5 Nbd7 5. Nf3 Qa5 6. h3 Nxe4 7. Bd2 Nxd2 8.
Qxd2 Nf6 9. Bd3 g6 10. O-O Qh5 11. Qg5 Bh6 12. Qxh5 Nxh5 13. Rfe1 Nf4 14. Bc4
Bf5 15. Bb3 a5 16. a4 e6 17. Ne2 Nxe2+ 18. Rxe2 d5 19. c4 Bd3 20. Re5 dxc4 21.
Rd1 O-O 22. Rc5 Be2 23. Re1 Bxf3 24. gxf3 cxb3 25. Rc3 Bd2 26. Rxb3 Bxe1 27.
Rxb7 Rab8 28. Rc7 Rfc8 29. Rd7 Rxb2 30. Kf1 Bxf2 31. Ra7 Bxd4 32. Rxa5 Rf2+ 33.
Kg1 Rxf3+ 34. Kg2 Rf2+ 35. Kg3 Rb8 0-1

[Event "XXII Weekend C"]
[Site "Ceriano Laghetto ITA"]
[Date "2013.03.02"]
[Round "2"]
[White "Molinelli, Luigi"]
[Black "Sala, Pierluigi"]
[WhiteElo "1250"]
[BlackElo "1495"]
[Result "0-1"]
[PlyCount "70"]
[EventDate "2013.03.01"]

1. d4 d5 2. Nf3 Nf6 3. e3 Bf5 4. Bd3 Bxd3 5. Qxd3 e6 6. O-O Bd6 7. Nbd2 O-O 8.
Nb3 Nbd7 9. Bd2 b6 10. Rae1 Ne4 11. Bc1 c5 12. dxc5 bxc5 13. Qa6 c4 14. Nbd4
Ndc5 15. Qb5 a6 16. Qb4 Qd7 17. Rd1 Nd3 18. Qa5 Ndc5 19. Qe1 Rab8 20. Nd2 Nf6
21. f4 Nce4 22. Qe2 Rfc8 23. c3 Nc5 24. N2f3 Nd3 25. g3 Nc5 26. Ne5 Bxe5 27.
fxe5 Nfe4 28. Rf4 Nd3 29. Rh4 Qe7 30. Rf1 Rb7 31. Qh5 h6 32. Nf5 exf5 33. Qxf5
Qe6 34. Qxe6 fxe6 35. Rf3 Nxc1 0-1

[Event "XXII Weekend C"]
[Site "Ceriano Laghetto ITA"]
[Date "2013.03.02"]
[Round "3"]
[White "Aldeghi, Damiano"]
[Black "Marcantognini, Denis"]
[WhiteElo "1458"]
[BlackElo "1443"]
[Result "1-0"]
[PlyCount "107"]
[EventDate "2013.03.01"]

1. e4 e6 2. Nf3 d5 3. exd5 Qxd5 4. Nc3 Qa5 5. Bc4 Bb4 6. O-O Nf6 7. Re1 Bxc3 8.
dxc3 O-O 9. Re5 Qb6 10. b3 Nbd7 11. Re1 Ng4 12. Nd4 Nge5 13. Qh5 Nxc4 14. bxc4
Nf6 15. Qg5 Qa6 16. Qc5 b6 17. Qxc7 Qa5 18. Qg3 Ba6 19. Bh6 Nh5 20. Qg4 Rfc8
21. Bg5 Qxc3 22. Nxe6 fxe6 23. Qxh5 Bxc4 24. Qg4 Bd5 25. Qe2 Qxc2 26. Rac1 Qxe2
27. Rxc8+ Rxc8 28. Rxe2 Rc1+ 29. Bxc1 a5 30. Rb2 Kf7 31. a3 a4 32. Rxb6 h5 33.
Rb4 Bb3 34. Bb2 g5 35. Kf1 Kg6 36. Ke2 Kf5 37. h3 e5 38. Ke3 Bc2 39. g4+ Kg6
40. Rb6+ Kh7 41. gxh5 e4 42. Rc6 Bd1 43. Kxe4 Bxh5 44. Kf5 Be8 45. Rf6 Bd7+ 46.
Kxg5 Bxh3 47. Rh6+ Kg8 48. Rxh3 Kf7 49. Rh4 Ke6 50. Rxa4 Kd5 51. f4 Kc5 52. f5
Kb5 53. Rb4+ Kc6 54. f6 1-0

[Event "XXII Weekend C"]
[Site "Ceriano Laghetto ITA"]
[Date "2013.03.02"]
[Round "3"]
[White "Giusti, Francesco"]
[Black "Cagnotto, Marco"]
[WhiteElo "1537"]
[BlackElo "1492"]
[Result "1-0"]
[PlyCount "67"]
[EventDate "2013.03.01"]

1. e4 c5 2. Nf3 Nc6 3. d4 cxd4 4. Nxd4 g6 5. Nxc6 bxc6 6. Qd4 Nf6 7. e5 Nd5 8.
Bc4 Nb6 9. Bb3 Bg7 10. Qf4 O-O 11. O-O Qc7 12. Re1 d5 13. exd6 exd6 14. Nd2 Bf5
15. Nf3 Rfe8 16. c3 Rxe1+ 17. Nxe1 Re8 18. Be3 Qe7 19. Nf3 d5 20. g4 Be4 21. h3
Bxf3 22. Qxf3 Qe4 23. Qxe4 Rxe4 24. a4 Nc8 25. Bc2 Re6 26. a5 Re7 27. Ba4 Re6
28. Ra3 Nd6 29. Bxa7 Nc4 30. Rb3 Re1+ 31. Kg2 Re8 32. a6 Ra8 33. Rb8+ Rxb8 34.
Bxb8 1-0

[Event "XXII Weekend C"]
[Site "Ceriano Laghetto ITA"]
[Date "2013.03.02"]
[Round "3"]
[White "Hali, Jacques"]
[Black "Frignani, Alessandro"]
[WhiteElo "1440"]
[BlackElo "1335"]
[Result "1-0"]
[PlyCount "173"]
[EventDate "2013.03.01"]

1. d4 d5 2. c4 c6 3. Nf3 h6 4. Nc3 Nf6 5. Bf4 Nbd7 6. e3 e6 7. a3 g6 8. Be2 Bg7
9. O-O O-O 10. Qc2 b6 11. Rac1 Re8 12. h3 Ba6 13. cxd5 Bxe2 14. Nxe2 cxd5 15.
Nc3 Rc8 16. Qd2 Ne4 17. Nxe4 dxe4 18. Rxc8 Qxc8 19. Ne5 Nxe5 20. dxe5 Rd8 21.
Qb4 Qb7 22. a4 a5 23. Qc4 Rc8 24. Qd4 Kh7 25. b4 Bf8 26. bxa5 bxa5 27. Rd1 Qb4
28. Qd7 Qc4 29. Qxf7+ Bg7 30. Rd6 Rf8 31. Qxe6 Qxe6 32. Rxe6 Rc8 33. Ra6 Rc5
34. e6 g5 35. Bd6 Rd5 36. Ba3 Re5 37. e7 Kg8 38. Bb2 Rxe7 39. Bxg7 Kxg7 40.
Rxa5 Re6 41. Kh2 Kf7 42. Kg3 Ke7 43. Ra7+ Kd8 44. a5 Kc8 45. Kg4 Kb8 46. Rh7
Rf6 47. f3 Re6 48. fxe4 Rxe4+ 49. Kf5 Rxe3 50. Rxh6 Rg3 51. Rg6 Rxg2 52. Rxg5
Rh2 53. Rh5 Ka7 54. Kg4 Rg2+ 55. Kf3 Ra2 56. h4 Ra3+ 57. Ke2 Kb7 58. Kd2 Kc7
59. Kc2 Kd7 60. Kb2 Ra4 61. Kb3 Ra1 62. Kb4 Rb1+ 63. Kc5 Ra1 64. Kb6 Rb1+ 65.
Ka7 Ke7 66. a6 Rb4 67. Rh6 Kf7 68. Rb6 Rxh4 69. Rb7+ Ke6 70. Kb6 Rb4+ 71. Kc7
Rd4 72. a7 Rd7+ 73. Kc8 Re7 74. Rxe7+ Kxe7 75. a8=Q Ke6 76. Qc6+ Ke5 77. Kd7
Kf4 78. Qe6 Kf3 79. Qe5 Kf2 80. Qe4 Kg3 81. Ke6 Kf2 82. Kf5 Kg3 83. Qf4+ Kg2
84. Ke4 Kg1 85. Qd2 Kf1 86. Kf3 Kg1 87. Qg2# 1-0

[Event "XXII Weekend C"]
[Site "Ceriano Laghetto ITA"]
[Date "2013.03.02"]
[Round "3"]
[White "Kiszka, Jean Marc"]
[Black "Madaschi, Sergio"]
[WhiteElo "1422"]
[BlackElo "1500"]
[Result "1/2-1/2"]
[PlyCount "93"]
[EventDate "2013.03.01"]

1. c4 c6 2. Nc3 Nf6 3. Nf3 e6 4. g3 d5 5. cxd5 cxd5 6. Bg2 Nc6 7. d4 Bb4 8. Bd2
O-O 9. a3 Be7 10. O-O a6 11. Qc2 Bd7 12. Bf4 b5 13. b4 Qb6 14. Rad1 Rac8 15.
Bg5 a5 16. Ne5 Be8 17. Nxc6 Bxc6 18. Qb3 axb4 19. axb4 h6 20. Bf4 Ne8 21. Rfe1
Nd6 22. Bxd6 Bxd6 23. e3 Bb7 24. Rc1 Rc4 25. Na2 Rfc8 26. Bf1 Rxc1 27. Rxc1
Rxc1 28. Nxc1 Qc6 29. Nd3 Qc4 30. Qb1 Qc3 31. Kg2 Bc6 32. Kg1 f6 33. Kg2 e5 34.
dxe5 fxe5 35. Kg1 e4 36. Qc1 Qxc1 37. Nxc1 Bxb4 38. Nb3 Bd6 39. Nd4 Bd7 40.
Bxb5 Bxb5 41. Nxb5 Be5 42. Kf1 Kf7 43. Ke2 Ke6 44. f3 exf3+ 45. Kxf3 Kd7 46.
Nd4 Bxd4 47. exd4 1/2-1/2

[Event "XXII Weekend C"]
[Site "Ceriano Laghetto ITA"]
[Date "2013.03.02"]
[Round "3"]
[White "Lamera, Giuseppe"]
[Black "Della Peruta, Lorenzo"]
[WhiteElo "1479"]
[BlackElo "1518"]
[Result "0-1"]
[PlyCount "56"]
[EventDate "2013.03.01"]

1. c4 e5 2. e4 Nf6 3. Nc3 Nc6 4. Nf3 Bc5 5. d3 d6 6. Be2 Bg4 7. O-O h6 8. a3
Nd4 9. Nxd4 exd4 10. Nd5 Nxd5 11. Bxg4 Nf6 12. Bf3 O-O 13. Bd2 c6 14. a4 a5 15.
Re1 Re8 16. Qb3 Qb6 17. Qxb6 Bxb6 18. b4 axb4 19. Bxb4 c5 20. Bd2 Nd7 21. Reb1
Ra7 22. Be2 Bc7 23. f4 f5 24. Bf3 fxe4 25. Bxe4 b6 26. Re1 Nf6 27. Bd5+ Nxd5
28. Rxe8+ 28... Kf7 {...} 0-1

[Event "XXII Weekend C"]
[Site "Ceriano Laghetto ITA"]
[Date "2013.03.02"]
[Round "3"]
[White "Olivieri, Michelangelo"]
[Black "Molinelli, Luigi"]
[WhiteElo "1527"]
[BlackElo "1250"]
[Result "1-0"]
[PlyCount "51"]
[EventDate "2013.03.01"]

1. d4 b6 2. c4 Bb7 3. Nc3 e6 4. e4 Bb4 5. Bd3 Nf6 6. f3 O-O 7. a3 Bxc3+ 8. bxc3
d5 9. cxd5 exd5 10. e5 Re8 11. Ne2 Nfd7 12. f4 c5 13. O-O c4 14. Bb1 Nc6 15. f5
Na5 16. Bc2 Nf8 17. Ng3 Rc8 18. a4 Nb3 19. Bxb3 cxb3 20. Qxb3 Ba6 21. Rf2 Bc4
22. Qd1 Qc7 23. Ba3 Nd7 24. f6 g6 25. Qd2 Nf8 26. Bxf8 1-0

[Event "XXII Weekend C"]
[Site "Ceriano Laghetto ITA"]
[Date "2013.03.02"]
[Round "3"]
[White "Rosini, Luca Ungaro"]
[Black "Puppi, Simone"]
[WhiteElo "1421"]
[BlackElo "1566"]
[Result "1-0"]
[PlyCount "105"]
[EventDate "2013.03.01"]

1. b3 d6 2. Bb2 e5 3. e3 c5 4. Bb5+ Bd7 5. Bxd7+ Nxd7 6. Ne2 Qg5 7. Ng3 Ngf6 8.
Qf3 d5 9. Nc3 e4 10. Qf5 Qxf5 11. Nxf5 g6 12. Ng3 Bg7 13. Nxd5 O-O 14. Nxf6+
Nxf6 15. O-O Rad8 16. Rad1 Rfe8 17. f3 exf3 18. Rxf3 Nd5 19. Bxg7 Kxg7 20. Rdf1
Rd7 21. c4 Nc7 22. d4 cxd4 23. exd4 Ree7 24. d5 b5 25. Rf6 Re5 26. Rc6 bxc4 27.
bxc4 h5 28. Rb1 Ne8 29. Kf2 Ree7 30. Rd1 Rd6 31. Rxd6 Nxd6 32. c5 Nc8 33. d6
Rd7 34. Ke3 Kf6 35. Kd4 Nxd6 36. Rf1+ Nf5+ 37. Kc4 Ke6 38. Re1+ Kf6 39. Nxf5
Kxf5 40. c6 Rd2 41. Kc5 Rxg2 42. c7 Rc2+ 43. Kd6 Kg4 44. Re2 Rxc7 45. Kxc7 Kf3
46. Re7 f5 47. Rg7 f4 48. Rxg6 h4 49. h3 Kf2 50. Rg4 f3 51. Rxh4 Kg3 52. Rh8 f2
53. Rf8 1-0

[Event "XXII Weekend C"]
[Site "Ceriano Laghetto ITA"]
[Date "2013.03.02"]
[Round "3"]
[White "Ruggiero, Paolino"]
[Black "Ciochetta, Giovanni"]
[WhiteElo "1517"]
[BlackElo "1533"]
[Result "0-1"]
[PlyCount "96"]
[EventDate "2013.03.01"]

1. e4 e5 2. f4 d6 3. Bc4 Nc6 4. Nf3 Bg4 5. O-O Nf6 6. d3 Nd4 7. fxe5 Bxf3 8.
Rxf3 Nxf3+ 9. Qxf3 dxe5 10. Nc3 Bc5+ 11. Kh1 h6 12. a3 O-O 13. Qg3 Qd6 14. Nb5
Nxe4 15. Qxg7+ Kxg7 16. Nxd6 Nf2+ 17. Kg1 cxd6 18. Kf1 Rad8 19. b4 Bd4 20. Rb1
Ng4 21. h3 Ne3+ 22. Bxe3 Bxe3 23. Ke2 Bg5 24. Bd5 b6 25. Rf1 Rc8 26. Bb3 f5 27.
Rf3 f4 28. Rf1 Rc3 29. Kf3 Be7 30. Ke4 Rf6 31. Rf2 Rg6 32. a4 Kf6 33. b5 Rg3
34. d4 Rce3+ 35. Kd5 Kg5 36. dxe5 Rxe5+ 37. Kc6 d5 38. Kb7 Bc5 39. Rd2 Re7+ 40.
Kc6 d4 41. a5 Rge3 42. Bc4 Rc3 43. Bd3 bxa5 44. Kd5 a4 45. Rf2 a3 46. Bc4 Rc7
47. Ba2 d3 48. cxd3 Bxf2 0-1

[Event "XXII Weekend C"]
[Site "Ceriano Laghetto ITA"]
[Date "2013.03.03"]
[Round "4"]
[White "Benedetti, Mario"]
[Black "Ruggiero, Paolino"]
[WhiteElo "1455"]
[BlackElo "1517"]
[Result "0-1"]
[PlyCount "78"]
[EventDate "2013.03.01"]

1. d4 d5 2. c4 f5 3. cxd5 Qxd5 4. Nc3 Qd8 5. Bf4 c6 6. e4 e6 7. exf5 exf5 8.
Qe2+ Qe7 9. Be5 Be6 10. Nf3 h6 11. Bxb8 Rxb8 12. Qe5 Rd8 13. O-O-O Qf6 14. Qxf6
Nxf6 15. Ne5 g5 16. Bc4 Bxc4 17. Nxc4 Ng4 18. Rhe1+ Kf7 19. Ne5+ Nxe5 20. dxe5
Rxd1+ 21. Nxd1 Bc5 22. g3 Rd8 23. f4 Rd4 24. Ne3 Re4 25. Kd2 Bb4+ 26. Kd3 Bxe1
27. Nxf5 Rb4 28. Nxh6+ Ke6 29. b3 gxf4 30. Ke2 fxg3 31. hxg3 Bxg3 32. Kf3 Bxe5
33. Ng4 Rf4+ 34. Kg3 Rf8+ 35. Kh4 Rf1 36. Ne3 Rg1 37. Ng4 Kf5 38. Ne3+ Kf4 39.
Nc4 Rh1# 0-1

[Event "XXII Weekend C"]
[Site "Ceriano Laghetto ITA"]
[Date "2013.03.03"]
[Round "4"]
[White "Ciochetta, Giovanni"]
[Black "Kiszka, Jean Marc"]
[WhiteElo "1533"]
[BlackElo "1422"]
[Result "1/2-1/2"]
[PlyCount "100"]
[EventDate "2013.03.01"]

1. e4 c5 2. Nc3 d6 3. Nf3 Nf6 4. d4 cxd4 5. Nxd4 a6 6. Bd3 Nbd7 7. O-O e5 8.
Nf5 Nc5 9. Ng3 Nxd3 10. Qxd3 Be7 11. Bg5 Be6 12. Rfd1 O-O 13. Bxf6 Bxf6 14.
Qxd6 Qxd6 15. Rxd6 Rad8 16. Rad1 Rxd6 17. Rxd6 Rd8 18. Rxd8+ Bxd8 19. Nd5 Kf8
20. f3 Bxd5 21. exd5 b5 22. Kf1 Ke7 23. b3 Kd6 24. c4 bxc4 25. bxc4 Kc5 26. Nf5
Kxc4 27. d6 g6 28. Nh6 f5 29. Nf7 Bf6 30. d7 Kb4 31. Nxe5 Ka3 32. Nf7 Kxa2 33.
d8=Q Bxd8 34. Nxd8 a5 35. Nc6 a4 36. Ke2 a3 37. Kd2 Kb2 38. Nd4 a2 39. Nc2 g5
40. g4 fxg4 41. fxg4 Kb3 42. Kc1 Kc3 43. Kd1 Kd3 44. Nb4+ Ke3 45. Nxa2 Kf3 46.
h3 Kg3 47. Ke2 Kxh3 48. Kf3 Kh4 49. Nc3 h5 50. gxh5 Kxh5 1/2-1/2

[Event "XXII Weekend C"]
[Site "Ceriano Laghetto ITA"]
[Date "2013.03.03"]
[Round "4"]
[White "Della Peruta, Lorenzo"]
[Black "Olivieri, Michelangelo"]
[WhiteElo "1518"]
[BlackElo "1527"]
[Result "0-1"]
[PlyCount "42"]
[EventDate "2013.03.01"]

1. e4 e6 2. d4 d5 3. Bd3 Nf6 4. e5 Nfd7 5. Nf3 c5 6. c3 cxd4 7. cxd4 Nc6 8. Nc3
Qb6 9. Bb5 Be7 10. O-O O-O 11. Qd3 f6 12. Re1 fxe5 13. dxe5 Ndxe5 14. Qe2 Nxf3+
15. gxf3 Nd4 16. Qe3 Nxf3+ 17. Kf1 d4 18. Qe2 dxc3 19. Rd1 Kh8 20. bxc3 e5 21.
Be3 Bh3# 0-1

[Event "XXII Weekend C"]
[Site "Ceriano Laghetto ITA"]
[Date "2013.03.03"]
[Round "4"]
[White "Frignani, Alessandro"]
[Black "Giusti, Francesco"]
[WhiteElo "1335"]
[BlackElo "1537"]
[Result "0-1"]
[PlyCount "104"]
[EventDate "2013.03.01"]

1. e4 e5 2. Bc4 Nf6 3. Qf3 Nc6 4. Ne2 d6 5. Qb3 Qe7 6. d3 a6 7. Nbc3 Rb8 8. a3
Bd7 9. Nd5 Nxd5 10. Bxd5 g6 11. Bd2 Bg7 12. h3 O-O 13. g3 Be6 14. Bxe6 fxe6 15.
Rf1 Rf3 16. Be3 a5 17. Ng1 Rff8 18. f3 b6 19. Qc3 Na7 20. a4 c6 21. h4 d5 22.
Bg5 Qd7 23. Qd2 d4 24. Bh6 Qe7 25. Bg5 Qd7 26. b3 c5 27. c4 Nc6 28. Qe2 h6 29.
Bd2 Nb4 30. Bxb4 cxb4 31. Ra2 Qe7 32. Rc2 g5 33. Qh2 Rf6 34. hxg5 hxg5 35. g4
Rh6 36. Qg3 Kf7 37. Rh2 Rbh8 38. Rxh6 Rxh6 39. Rf2 Bf6 40. Rh2 Rh4 41. Ne2 Qe8
42. Rxh4 gxh4 43. Qg2 Qh8 44. Qh3 Qh6 45. Kd1 Qe3 46. Nc1 Bg5 47. Qg2 Qxc1+ 48.
Ke2 Qd2+ 49. Kf1 Qxd3+ 50. Qe2 Qxb3 51. c5 d3 52. Qf2 bxc5 0-1

[Event "XXII Weekend C"]
[Site "Ceriano Laghetto ITA"]
[Date "2013.03.03"]
[Round "4"]
[White "Madaschi, Sergio"]
[Black "Sala, Pierluigi"]
[WhiteElo "1500"]
[BlackElo "1495"]
[Result "0-1"]
[PlyCount "81"]
[EventDate "2013.03.01"]

1. e4 c6 2. d4 d5 3. Nc3 e6 4. Nf3 dxe4 5. Nxe4 Be7 6. Bd3 Nf6 7. Bg5 Nbd7 8.
O-O Nxe4 9. Bxe7 Qxe7 10. Bxe4 Nf6 11. Bd3 O-O 12. c3 Bd7 13. Qc2 Rac8 14. Qb3
Rc7 15. Rad1 b6 16. Rfe1 Rfc8 17. Ba6 Rb8 18. Bd3 c5 19. dxc5 Rxc5 20. Re5 Rbc8
21. Rde1 g6 22. Qa3 R8c7 23. h3 Bc8 24. Qb4 Bb7 25. Qf4 Rxe5 26. Nxe5 Rc5 27.
Nf3 Kg7 28. Qg3 Nh5 29. Qg4 Rd5 30. Qc4 Rd8 31. Be4 Bxe4 32. Qxe4 Nf6 33. Qc2
Qc5 34. Re5 Nd5 35. Qe2 Qd6 36. Nd4 Nf4 37. Qe4 Nh5 38. Nf3 Nf6 39. Qe1 Qd1 40.
Nd4 Qxe1+ 41. Rxe1 {...} 0-1

[Event "XXII Weekend C"]
[Site "Ceriano Laghetto ITA"]
[Date "2013.03.03"]
[Round "4"]
[White "Molinelli, Luigi"]
[Black "Aldeghi, Damiano"]
[WhiteElo "1250"]
[BlackElo "1458"]
[Result "0-1"]
[PlyCount "66"]
[EventDate "2013.03.01"]

1. d4 d5 2. Nf3 Nc6 3. e3 a6 4. Bd3 Nf6 5. h3 e6 6. O-O Be7 7. c3 O-O 8. Nbd2
h6 9. e4 dxe4 10. Nxe4 Re8 11. Nxf6+ Bxf6 12. Re1 Qd6 13. Bc2 Ne7 14. Qd3 Ng6
15. Qe4 c6 16. Ne5 Bxe5 17. dxe5 Qd5 18. Qe2 Qd8 19. Qg4 Qh4 20. Qf3 Qe7 21.
Re4 b5 22. Rg4 Nxe5 23. Rxg7+ Kxg7 24. Qg3+ Ng6 25. Bf4 Qf6 26. Re1 Qxf4 27.
Qd3 Bb7 28. Qe3 Qxe3 29. fxe3 Rad8 30. Be4 Rd2 31. Rb1 Red8 32. Bf3 Ne5 33. Bh5
c5 0-1

[Event "XXII Weekend C"]
[Site "Ceriano Laghetto ITA"]
[Date "2013.03.03"]
[Round "4"]
[White "Puppi, Simone"]
[Black "Hali, Jacques"]
[WhiteElo "1566"]
[BlackElo "1440"]
[Result "1-0"]
[PlyCount "79"]
[EventDate "2013.03.01"]

1. e4 c5 2. Nc3 d6 3. Bc4 e6 4. Nf3 Nf6 5. d4 cxd4 6. Nxd4 Be7 7. O-O O-O 8.
Re1 Qc7 9. Bb3 a6 10. Nf3 Nc6 11. Be3 b5 12. Nd4 Bb7 13. a3 Nxd4 14. Qxd4 Rac8
15. a4 b4 16. Qxb4 d5 17. Qb6 Nxe4 18. Qxc7 Rxc7 19. Nxe4 dxe4 20. c3 Bc5 21.
Rad1 Bxe3 22. Rxe3 h6 23. Rd6 Rb8 24. Bc2 a5 25. b3 Rbc8 26. c4 Bd5 27. Bxe4
Bxc4 28. bxc4 Rxc4 29. g3 Rxa4 30. Red3 g6 31. Rd7 Ra1+ 32. Kg2 h5 33. Ra7 Ra2
34. Rdd7 Rf8 35. Bxg6 Rxf2+ 36. Kxf2 fxg6+ 37. Ke3 Rf5 38. Ra8+ Rf8 39. Rxf8+
Kxf8 40. Ra7 1-0

[Event "XXII Weekend C"]
[Site "Ceriano Laghetto ITA"]
[Date "2013.03.03"]
[Round "5"]
[White "Aldeghi, Damiano"]
[Black "Cavalieri, Riccardo"]
[WhiteElo "1458"]
[BlackElo "1455"]
[Result "1/2-1/2"]
[PlyCount "147"]
[EventDate "2013.03.01"]

1. e4 c5 2. Nf3 d6 3. Bc4 e6 4. O-O Nc6 5. d4 cxd4 6. Nxd4 Nf6 7. Nc3 a6 8.
Nxc6 bxc6 9. Re1 Nd7 10. Qg4 Ne5 11. Qe2 Be7 12. Bb3 O-O 13. Bf4 Ng6 14. Bg3 e5
15. Rad1 h6 16. Qh5 Kh7 17. Re3 Be6 18. Bxe6 fxe6 19. Red3 Rf4 20. Bxf4 Nxf4
21. Qf3 Nxd3 22. Qxd3 Kg8 23. Ne2 d5 24. exd5 exd5 25. Qc3 Qd6 26. Ng3 g6 27.
Re1 Bf6 28. Qe3 Kg7 29. a3 e4 30. b3 Qxa3 31. Qb6 Rd8 32. Qxc6 Qd6 33. Qxd6
Rxd6 34. Rd1 Be5 35. Nf1 Kf6 36. Ne3 Ke6 37. Ng4 h5 38. Nxe5 Kxe5 39. h4 Rc6
40. Rd2 d4 41. Kf1 a5 42. Ke1 a4 43. bxa4 Ra6 44. Rd1 Rxa4 45. Rb1 Ra5 46. Rb6
Kf5 47. Rd6 Ra4 48. Ke2 Rc4 49. Kd2 e3+ 50. fxe3 dxe3+ 51. Kxe3 Rxc2 52. g3
Rc3+ 53. Kf2 g5 54. Rd5+ Ke4 55. Rxg5 Rc2+ 56. Kg1 Kf3 57. Rf5+ Kxg3 58. Rg5+
Kxh4 59. Rg2 Rc3 60. Kf2 Kh3 61. Rg5 Kh4 62. Rg2 Rc4 63. Kf3 Rg4 64. Rh2+ Kg5
65. Rh3 Rf4+ 66. Kg3 h4+ 67. Kg2 Kg4 68. Rd3 Rc4 69. Rd2 h3+ 70. Kh2 Rc3 71.
Rd4+ Kg5 72. Rd2 Kf4 73. Rd4+ Ke3 74. Rh4 1/2-1/2

[Event "XXII Weekend C"]
[Site "Ceriano Laghetto ITA"]
[Date "2013.03.03"]
[Round "5"]
[White "Benedetti, Mario"]
[Black "Lamera, Giuseppe"]
[WhiteElo "1455"]
[BlackElo "1479"]
[Result "1-0"]
[PlyCount "89"]
[EventDate "2013.03.01"]

1. d4 d6 2. e4 Nf6 3. Bd3 c6 4. c4 Qb6 5. Nf3 Bg4 6. d5 Nbd7 7. Nc3 Bxf3 8.
Qxf3 Ne5 9. Qd1 Nfg4 10. O-O g6 11. h3 Nf6 12. Be2 Bg7 13. Na4 Qc7 14. Be3 Nxe4
15. f3 Ng3 16. Rf2 Nxe2+ 17. Qxe2 O-O 18. f4 Nd7 19. Rb1 Nf6 20. Qd3 Qd7 21.
Nc3 Rfe8 22. Ne2 e5 23. fxe5 Rxe5 24. Bf4 Ree8 25. Ng3 Re7 26. Qd2 Rae8 27.
Rbf1 Ne4 28. Nxe4 Rxe4 29. b3 Bd4 30. Kh2 Bxf2 31. Qxf2 f5 32. Bh6 Qe7 33. Qb2
Qe5+ 34. Qxe5 dxe5 35. d6 Rd4 36. c5 e4 37. Be3 Rd3 38. Re1 Kg7 39. Kg3 g5 40.
Kf2 f4 41. Bc1 Rc3 42. Bb2 e3+ 43. Kf3 e2+ 44. Bxc3+ Kg6 45. Rxe2 1-0

[Event "XXII Weekend C"]
[Site "Ceriano Laghetto ITA"]
[Date "2013.03.03"]
[Round "5"]
[White "Hali, Jacques"]
[Black "Ciochetta, Giovanni"]
[WhiteElo "1440"]
[BlackElo "1533"]
[Result "0-1"]
[PlyCount "60"]
[EventDate "2013.03.01"]

1. d4 Nf6 2. c4 e6 3. Nf3 c5 4. Bg5 h6 5. Bh4 g5 6. Bg3 Nc6 7. e3 Ne4 8. Bd3
Nxg3 9. hxg3 Qb6 10. b3 cxd4 11. e4 Bb4+ 12. Nbd2 d6 13. O-O e5 14. a3 Bc3 15.
Ra2 Bg4 16. Nb1 O-O-O 17. Nxc3 dxc3 18. Qc2 Bxf3 19. gxf3 Nd4 20. Qxc3 Nxf3+
21. Kg2 Nd4 22. b4 Kb8 23. a4 Rc8 24. a5 Qd8 25. Qa3 h5 26. b5 Qf6 27. b6 a6
28. c5 Qf3+ 29. Kg1 Rxc5 30. Qb4 Qxd3 0-1

[Event "XXII Weekend C"]
[Site "Ceriano Laghetto ITA"]
[Date "2013.03.03"]
[Round "5"]
[White "Kiszka, Jean Marc"]
[Black "Frignani, Alessandro"]
[WhiteElo "1422"]
[BlackElo "1335"]
[Result "1-0"]
[PlyCount "127"]
[EventDate "2013.03.01"]

1. c4 e5 2. Nc3 Bc5 3. Nf3 Nc6 4. g3 Nd4 5. Bg2 Qf6 6. Ne4 Nxf3+ 7. Bxf3 Qb6 8.
Nxc5 Qxc5 9. b3 Qd4 10. Rb1 e4 11. Bb2 Qd6 12. Bxe4 f6 13. O-O c6 14. e3 Ne7
15. d4 b6 16. Qh5+ g6 17. Qd1 Bb7 18. Bg2 O-O-O 19. a3 Rhg8 20. b4 c5 21. Bxb7+
Kxb7 22. dxc5 Qxd1 23. Rfxd1 f5 24. cxb6 axb6 25. Bf6 Rge8 26. Rd2 d6 27. Rbd1
Kc7 28. a4 Rd7 29. Bxe7 Rexe7 30. Kf1 Re4 31. Rd4 Re8 32. c5 Red8 33. cxd6+
Rxd6 34. Ke2 Rxd4 35. Rxd4 Ra8 36. b5 Re8 37. Kd3 Re5 38. f4 Re6 39. e4 fxe4+
40. Rxe4 Rd6+ 41. Kc2 Rd7 42. g4 Rf7 43. h4 h6 44. Kd3 Rf6 45. Rc4+ Kb7 46. Ke4
Re6+ 47. Kd5 Re1 48. f5 gxf5 49. gxf5 Rd1+ 50. Rd4 Rf1 51. Ke6 Kc7 52. f6 Re1+
53. Kf7 h5 54. Kf8 Re2 55. f7 Re3 56. Kg7 Rg3+ 57. Kf8 Re3 58. Rd5 Re4 59. Kg8
Rg4+ 60. Rg5 Rxh4 61. f8=Q Kd7 62. Rg6 Rh1 63. Qd6+ Kc8 64. Qc6+ 1-0

[Event "XXII Weekend C"]
[Site "Ceriano Laghetto ITA"]
[Date "2013.03.03"]
[Round "5"]
[White "Madaschi, Sergio"]
[Black "Della Peruta, Lorenzo"]
[WhiteElo "1500"]
[BlackElo "1518"]
[Result "1-0"]
[PlyCount "99"]
[EventDate "2013.03.01"]

1. d4 d5 2. c4 c6 3. Nf3 Nf6 4. Nc3 Bf5 5. e3 e6 6. Qb3 Qb6 7. Qxb6 axb6 8. Bd2
Bd6 9. Be2 O-O 10. O-O Nbd7 11. h3 Rfe8 12. Nh4 Bg6 13. Nxg6 hxg6 14. Bd3 Rac8
15. e4 dxe4 16. Nxe4 Nxe4 17. Bxe4 Nf6 18. Bf3 Rcd8 19. Bc3 e5 20. dxe5 Bxe5
21. Bxe5 Rxe5 22. Rfe1 Rxe1+ 23. Rxe1 Rd2 24. Re2 Rd4 25. b3 Kf8 26. g3 Rd3 27.
Kg2 Rd7 28. g4 Ne8 29. Kh2 Nc7 30. Bg2 Ne6 31. Kg3 g5 32. f3 Nf4 33. Rf2 Nxg2
34. Kxg2 f6 35. f4 gxf4 36. Rxf4 Rd2+ 37. Rf2 Rxf2+ 38. Kxf2 Ke7 39. Ke3 Kd6
40. Ke4 g6 41. h4 Ke6 42. h5 f5+ 43. gxf5+ gxf5+ 44. Kf4 Kf6 45. h6 Kg6 46. h7
Kxh7 47. Kxf5 Kg7 48. Ke6 Kf8 49. Kd7 Kf7 50. Kc7 1-0

[Event "XXII Weekend C"]
[Site "Ceriano Laghetto ITA"]
[Date "2013.03.03"]
[Round "5"]
[White "Marcantognini, Denis"]
[Black "Ruggiero, Paolino"]
[WhiteElo "1443"]
[BlackElo "1517"]
[Result "1/2-1/2"]
[PlyCount "165"]
[EventDate "2013.03.01"]

1. d4 f5 2. b3 Nf6 3. Nf3 e6 4. Bb2 Be7 5. e3 O-O 6. c4 c6 7. c5 b6 8. Ba3 bxc5
9. dxc5 Ne4 10. b4 a5 11. g3 axb4 12. Bxb4 Bxc5 13. Bxc5 Qa5+ 14. Nfd2 Nxc5 15.
Be2 Nba6 16. O-O Nb4 17. Nc4 Qc7 18. Nc3 Ne4 19. Nxe4 fxe4 20. Nd6 Rxa2 21.
Rxa2 Nxa2 22. Qd2 Nc3 23. Bc4 Nd5 24. Nxe4 Nxe3 25. Bxe6+ dxe6 26. Qxe3 h6 27.
Ra1 Qf7 28. Nd6 Qf6 29. Ra8 Bd7 30. Ra7 Qe7 31. Nc4 Qd8 32. Ne5 Be8 33. Ng4
Qd1+ 34. Kg2 Qxg4 35. h3 Qf5 36. Qd4 Qd5+ 37. Qxd5 cxd5 38. f4 Rf7 39. Ra8 Kf8
40. Kf3 Ke7 41. Ke3 Kf6 42. Rxe8 Ra7 43. Rf8+ Ke7 44. Rg8 Kf7 45. Rd8 Ra3+ 46.
Kf2 Ra4 47. Kf3 Ra1 48. Rd7+ Kf6 49. h4 h5 50. Rd8 Ra4 51. Rh8 Ra3+ 52. Kf2 g6
53. Rf8+ Kg7 54. Rd8 Kf7 55. Rd7+ Kf6 56. Rd8 Kf5 57. Rf8+ Ke4 58. Rf6 Rf3+ 59.
Kg2 Rc3 60. Rxe6+ Kd3 61. Rxg6 d4 62. f5 Kd2 63. Rd6 d3 64. f6 Rc7 65. Re6 Rf7
66. Kf2 Kc1 67. Re1+ Kc2 68. Re6 d2 69. Rc6+ Kd1 70. Ke3 Ke1 71. Rd6 d1=Q 72.
Rxd1+ Kxd1 73. Kf4 Ke2 74. g4 Rxf6+ 75. Kg5 hxg4 76. Kxg4 Ke3 77. h5 Ke4 78.
Kg5 Ke5 79. h6 Rf1 80. Kg6 Rg1+ 81. Kf7 Rh1 82. Kg7 Ke6 83. h7 1/2-1/2

[Event "XXII Weekend C"]
[Site "Ceriano Laghetto ITA"]
[Date "2013.03.03"]
[Round "5"]
[White "Rosini, Luca Ungaro"]
[Black "Giusti, Francesco"]
[WhiteElo "1421"]
[BlackElo "1537"]
[Result "1/2-1/2"]
[PlyCount "35"]
[EventDate "2013.03.01"]

1. b3 e5 2. Bb2 Nc6 3. e3 a6 4. Nf3 d6 5. d3 Bg4 6. Be2 Nf6 7. Nbd2 Be7 8. O-O
Qd7 9. a3 h5 10. c4 Nd8 11. b4 Ne6 12. Rc1 b6 13. a4 Nh7 14. a5 bxa5 15. bxa5
Rb8 16. Rb1 O-O 17. Ne4 f5 18. Nc3 1/2-1/2